000
00227 a2200097 4500
001
45252
100
_a
Zweng C.A
245
_a
aircraft engine mechanics manual
260
_a
California
_b
Pan American
_c
090
_c
28441
_d
28441
942
_a
NUST-CAE
_c
M
_c
20493
999
_c
280325
_d
280325